Sede dei giochi olimpici in base all'anno - Statistics

Statistiche generali
  • Questo quiz è stato fatto 28 volte
  • Il punteggio medio è 16 su 33
Statistiche sulle risposte
Hint Risposta % Corretto
2016 Brasile
93%
2021 Giappone
93%
1896 Grecia
93%
2024 Francia
89%
2012 Regno Unito
89%
2008 Cina
85%
1960 Italia
85%
2004 Grecia
81%
1996 Stati Uniti
78%
1936 Germania
70%
2000 Australia
67%
1900 Francia
67%
1992 Spagna
67%
1984 Stati Uniti
56%
1904 Stati Uniti
52%
1968 Messico
44%
1980 Unione Sovietica
41%
1976 Canada
37%
1908 Regno Unito
37%
1972 Germania Ovest
33%
1932 Stati Uniti
33%
1924 Francia
30%
1912 Svezia
30%
1920 Belgio
26%
1952 Finlandia
26%
1940 Giappone
26%
1916 Germania
22%
1964 Giappone
22%
1928 Paesi Bassi
19%
1944 Regno Unito
15%
1948 Regno Unito
15%
1956 Australia
11%
1988 Cora del Sud
0%
Nessun quiz corrispondente trovato
Distribuzione punteggi
Percentuale di utenti per punteggio
Percentile per numero di risposta
I tuoi punteggi nel tempo
Non hai fatto questo quiz